Loading...

Kadalalakalil Udayam /

Bibliographic Details
Main Author: Madhu Maranad
Format: Printed Book
Language:Malayalam
Published: Kottayam: Royal , 1979
Subjects:
LEADER 00478nam a2200145Ia 4500
008 150624b xxu||||| |||| 00| f mal d
999 |c 77231  |d 77231 
082 |a 853.M18 KAT 
100 |a Madhu Maranad. 
245 |c Madhu Maranad.  |a Kadalalakalil Udayam / 
260 |b Royal ,  |c 1979  |a Kottayam: 
546 |a In Malayalam. 
650 |v Malayalam fiction 
942 |c BK 
952 |0 0  |1 0  |4 0  |6 853_000000000000000_M18_KAD_M  |7 0  |9 77175  |a UL  |b UL  |c ST2  |d 1998-09-15  |l 0  |o 853.M18 KAD M  |p 47532  |r 2012-10-27  |y BK